[Event "IECC CL5-2010.09 email"]
[Site "IECC email"]
[Date "2010.08.12"]
[Round "?"]
[White "Fonseca Gonzalez, Jose Luis"]
[Black "Schwenger, Kurt"]
[Result "1-0"]
[WhiteElo "1549"]
[BlackElo "1513"]
[PlyCount "61"]
[EventDate "2010.??.??"]
[EventType "tourn (corr)"]
[EventRounds "4"]
[SourceTitle "Telechess CBM 145"]
[Source "Chessbase"]
[SourceDate "2011.11.11"]
[SourceVersion "1"]
[SourceVersionDate "2011.11.11"]
[SourceQuality "1"]
[BlackTeam "Germany"]
[BlackTeamCountry "GER"]

1. e4 c5 2. Nf3 d6 3. d4 cxd4 4. Nxd4 Nf6 5. Nc3 a6 6. Be3 e5 7. Nb3 Be6 8. f3 Be7 9. Qd2 h5 10. 0-0-0 Nbd7 11. h3 Qc7 12. Bd3 b5 13. g4 b4 14. Ne2 d5 15. g5 dxe4 16. fxe4 Nh7 17. Kb1 Nc5 18. h4 Nf8 19. Bxc5 Bxc5 20. c3 bxc3 21. Nxc3 Bxb3 22. axb3 Ne6 23. Bc4 Nf4 24. Nd5 Nxd5 25. Bxd5 Rd8 26. Rhf1 Rd7 27. Rc1 Qd6 28. Qc2 Rc7 29. b4 Bb6 30. Qa4+ Kf8 31. Rxc7 1-0

[Event "LSS WC-2014-P-00022"]
[Site "LSS email"]
[Date "2010.02.18"]
[Round "?"]
[White "Danzanvilliers, Patrice"]
[Black "Fonseca Gonzalez, Jose Luis"]
[Result "1-0"]
[WhiteElo "2209"]
[BlackElo "1881"]
[PlyCount "89"]
[EventDate "2010.02.24"]
[EventType "tourn (corr)"]
[EventRounds "6"]
[EventCountry "GER"]
[SourceTitle "Telechess CBM 145"]
[Source "Chessbase"]
[SourceDate "2011.11.11"]
[SourceVersion "1"]
[SourceVersionDate "2011.11.11"]
[SourceQuality "1"]

1. e4 e6 2. d4 d5 3. Nc3 Nf6 4. Bg5 Be7 5. e5 Nfd7 6. Bxe7 Qxe7 7. f4 0-0 8. Nf3 c5 9. Qd2 Nc6 10. 0-0-0 Nb6 11. dxc5 Qxc5 12. Kb1 Bd7 13. h4 Na5 14. Qd4 Rac8 15. Rh3 Qxd4 16. Nxd4 f6 17. exf6 Rxf6 18. Rf3 Rh6 19. Ncb5 Rxh4 20. Nxa7 Rf8 21. Bb5 Rhxf4 22. Bxd7 Nxd7 23. Rxf4 Rxf4 24. Nxe6 Re4 25. Nc7 Nf6 26. b3 Nc6 27. Nab5 d4 28. Kb2 h5 29. Rd2 Re7 30. a4 h4 31. Na8 g5 32. Nb6 g4 33. Nxd4 Nxd4 34. Rxd4 Rh7 35. Nd5 Nxd5 36. Rxd5 Kf7 37. Rd1 h3 38. gxh3 gxh3 39. Rh1 Ke6 40. a5 Kd5 41. b4 Kc4 42. c3 h2 43. Kc2 Rh6 44. Kd2 Rh3 45. Ke1 1-0

[Event "LSS ZI-2009-0-00346"]
[Site "LSS email"]
[Date "2009.02.17"]
[Round "?"]
[White "Fonseca Gonzalez, Jose Luis"]
[Black "Kudryavtsev, Yaroslav Viktorovic"]
[Result "0-1"]
[WhiteElo "1952"]
[BlackElo "1887"]
[PlyCount "92"]
[EventDate "2009.02.12"]
[EventType "match (corr)"]
[EventRounds "2"]
[EventCountry "GER"]
[SourceTitle "Corr 2011"]
[Source "ChessBase"]
[SourceDate "2010.08.31"]
[SourceVersion "1"]
[SourceVersionDate "2010.08.31"]
[SourceQuality "1"]

1. d4 Nf6 2. c4 g6 3. Nc3 d5 4. cxd5 Nxd5 5. e4 Nxc3 6. bxc3 c5 7. Nf3 Bg7 8. Be3 Qa5 9. Qd2 Bg4 10. Rb1 a6 11. Rxb7 Nc6 12. Bc4 Bxf3 13. gxf3 0-0 14. 0-0 cxd4 15. cxd4 Rac8 16. Bd5 e6 17. Bxc6 Qxd2 18. Bxd2 Rxc6 19. d5 exd5 20. exd5 Rc2 21. Rd1 Rxa2 22. d6 Bf6 23. Bh6 Rd8 24. Kg2 Ra1 25. Rd5 Re1 26. Be3 Rf8 27. d7 Kg7 28. Rc7 Bd8 29. Rc8 f6 30. Rxd8 Rxd8 31. Bb6 Rf8 32. d8Q Rxd8 33. Bxd8 Re6 34. Rd7+ Kh6 35. f4 g5 36. fxg5+ fxg5 37. Rd5 Kg6 38. Bxg5 Rc6 39. Be3 Kf6 40. Kf3 Kg6 41. Bd4 Kf7 42. Rd7+ Kg6 43. Rg7+ Kh6 44. Re7 a5 45. Ra7 Kg6 46. Ke4 Re6+ 0-1

[Event "LSS SB-2009-0-00044"]
[Site "LSS email"]
[Date "2009.02.17"]
[Round "?"]
[White "Fonseca Gonzalez, Jose Luis"]
[Black "Udvari, Norbert"]
[Result "1-0"]
[WhiteElo "1918"]
[BlackElo "1931"]
[PlyCount "125"]
[EventDate "2009.02.02"]
[EventType "tourn (corr)"]
[EventRounds "6"]
[EventCountry "GER"]
[SourceTitle "Telechess CBM 137"]
[Source "ChessBase"]
[SourceDate "2010.07.15"]
[SourceVersion "1"]
[SourceVersionDate "2010.07.15"]
[SourceQuality "1"]

1. d4 d5 2. c4 e6 3. g3 Nf6 4. Bg2 dxc4 5. Nf3 Nc6 6. 0-0 a6 7. Nc3 Rb8 8. e4 Be7 9. Qe2 b5 10. Rd1 Nb4 11. Ne1 0-0 12. a3 Nc6 13. d5 exd5 14. e5 Bg4 15. Bf3 Bxf3 16. Nxf3 d4 17. exf6 Bxf6 18. Qe4 Qd6 19. Bf4 Qe6 20. Qxe6 fxe6 21. Ne4 e5 22. Bd2 Be7 23. Nfg5 Bxg5 24. Nxg5 d3 25. Ne6 Rf7 26. Kg2 h6 27. Nc5 Nd4 28. a4 Nc2 29. Rab1 Rb6 30. axb5 axb5 31. b3 Rc6 32. Ne4 b4 33. bxc4 Rxc4 34. f3 Rd7 35. Rb3 c5 36. h3 Kf7 37. h4 Ke6 38. h5 Rd5 39. Kf2 Rd8 40. Kg2 Kf5 41. Rh1 Rd5 42. g4+ Ke6 43. g5 hxg5 44. h6 gxh6 45. Rxh6+ Kd7 46. Nf6+ Kd6 47. Nxd5+ Kxd5 48. Rxd3+ Rd4 49. Rxd4+ exd4 50. Rb6 d3 51. Kf2 Nd4 52. Bxg5 Kc4 53. Be3 Nc2 54. f4 b3 55. Bc1 Nd4 56. Ke1 Kc3 57. Kd1 Nf5 58. Bd2+ Kc4 59. Kc1 Nd4 60. Kb2 Nf3 61. Bc3 Nd4 62. Ra6 Ne2 63. Ra4+ 1-0

[Event "LSS ZI-2009-0-00346"]
[Site "LSS email"]
[Date "2009.02.17"]
[Round "?"]
[White "Kudryavtsev, Yaroslav Viktorovic"]
[Black "Fonseca Gonzalez, Jose Luis"]
[Result "1-0"]
[WhiteElo "1896"]
[BlackElo "1949"]
[PlyCount "53"]
[EventDate "2009.02.12"]
[EventType "match (corr)"]
[EventRounds "2"]
[EventCountry "GER"]
[SourceTitle "Corr 2011"]
[Source "ChessBase"]
[SourceDate "2010.08.31"]
[SourceVersion "1"]
[SourceVersionDate "2010.08.31"]
[SourceQuality "1"]

1. e4 e5 2. Nf3 Nf6 3. Nxe5 d6 4. Nf3 Nxe4 5. d4 d5 6. Bd3 Nc6 7. 0-0 Be7 8. c4 Nb4 9. Be2 0-0 10. a3 Nc6 11. Nc3 Nxc3 12. bxc3 Bf5 13. Bf4 dxc4 14. Bxc4 Bd6 15. Bxd6 cxd6 16. Re1 Rc8 17. Qd2 d5 18. Ba2 Qd6 19. Qb2 b6 20. Qb5 Ne7 21. c4 Be6 22. cxd5 Nxd5 23. Ng5 Nf4 24. Qb1 g6 25. Nxe6 Nxe6 26. Bxe6 fxe6 27. Qb3 1-0

[Event "LSS SB-2009-0-00044"]
[Site "LSS email"]
[Date "2009.02.16"]
[Round "?"]
[White "Ponting, Andrew"]
[Black "Fonseca Gonzalez, Jose Luis"]
[Result "1/2-1/2"]
[WhiteElo "1989"]
[BlackElo "1949"]
[PlyCount "45"]
[EventDate "2009.02.02"]
[EventType "tourn (corr)"]
[EventRounds "6"]
[EventCountry "GER"]
[SourceTitle "Corr 2011"]
[Source "ChessBase"]
[SourceDate "2010.08.31"]
[SourceVersion "1"]
[SourceVersionDate "2010.08.31"]
[SourceQuality "1"]

1. d4 Nf6 2. c4 e6 3. Nc3 d5 4. Nf3 Bb4 5. cxd5 exd5 6. Bg5 h6 7. Bh4 g5 8. Bg3 Ne4 9. Nd2 Nxc3 10. bxc3 Bxc3 11. Rc1 Ba5 12. e3 Nc6 13. Bb5 Bd7 14. Rc5 a6 15. Bxc6 Bxd2+ 16. Kxd2 Bxc6 17. h4 Rg8 18. hxg5 Qxg5 19. Qf3 Rc8 20. Rh5 Qg4 21. Qxg4 Rxg4 22. Rxh6 Kd7 23. Rc1 1/2-1/2

[Event "IECG TE.2007.S.02401 email"]
[Site "IECG email"]
[Date "2008.12.01"]
[Round "?"]
[White "Fonseca Gonzalez, Jose Luis"]
[Black "Degterev, Pavel"]
[Result "1/2-1/2"]
[WhiteElo "1954"]
[BlackElo "2195"]
[PlyCount "98"]
[EventDate "2008.03.21"]
[EventType "tourn (corr)"]
[EventRounds "12"]
[SourceTitle "Corr 2024"]
[Source "ChessBase"]
[SourceDate "2023.10.19"]
[SourceVersion "1"]
[SourceVersionDate "2023.10.19"]
[SourceQuality "1"]

1. d4 d5 2. c4 e5 3. dxe5 d4 4. Nf3 c5 5. e3 Nc6 6. exd4 cxd4 7. Bd3 Nge7 8. 0-0 Ng6 9. Be4 Be7 10. Bxc6+ bxc6 11. Nxd4 Nxe5 12. Re1 f6 13. Nc3 0-0 14. Bf4 Bc5 15. Nb3 Bxf2+ 16. Kxf2 Nd3+ 17. Kf3 Bg4+ 18. Kxg4 Nf2+ 19. Kf3 Nxd1 20. Raxd1 Qc8 21. Re7 Rd8 22. Nd4 Rd7 23. Re2 Qb7 24. Nf5 Rxd1 25. Nxd1 Qd7 26. Nde3 Re8 27. Nd6 Re6 28. c5 g5 29. Bg3 f5 30. Nexf5 g4+ 31. Kf2 Rxe2+ 32. Kxe2 Qe6+ 33. Ne3 Qxa2 34. Ndc4 h5 35. Kf2 Qb1 36. Be5 Qg6 37. Nd6 a5 38. Kg3 Qg5 39. Ndf5 a4 40. Bd4 Kh7 41. Nh4 Qe7 42. Nhf5 Qe4 43. Bc3 Kg6 44. h4 gxh3 45. gxh3 Kg5 46. h4+ Kg6 47. Bd4 Qh1 48. Ne7+ Kf7 49. N7f5 Qc1 1/2-1/2

[Event "IECG CP.2008.P.00005 email"]
[Site "IECG email"]
[Date "2008.10.01"]
[Round "?"]
[White "Dykhuizen, Ronald"]
[Black "Fonseca Gonzalez, Jose Luis"]
[Result "0-1"]
[WhiteElo "1658"]
[BlackElo "1958"]
[PlyCount "56"]
[EventDate "2008.10.01"]
[EventType "tourn (corr)"]
[EventRounds "6"]
[EventCountry "ARG"]
[SourceTitle "Corr 2024"]
[Source "ChessBase"]
[SourceDate "2023.10.19"]
[SourceVersion "1"]
[SourceVersionDate "2023.10.19"]
[SourceQuality "1"]

1. e4 e5 2. Nf3 Nf6 3. Nxe5 d6 4. Nf3 Nxe4 5. d4 d5 6. Bd3 Nc6 7. h3 Be7 8. 0-0 0-0 9. Re1 f5 10. c4 Bb4 11. Bd2 Be6 12. Qb3 Bxd2 13. Nbxd2 Nxd2 14. Nxd2 Nxd4 15. Qc3 Qf6 16. cxd5 Bxd5 17. Bc4 Bf7 18. Rac1 c6 19. b3 Rfe8 20. Bxf7+ Kxf7 21. Qc4+ Kg6 22. Kf1 Rad8 23. Rcd1 h6 24. Rxe8 Rxe8 25. Re1 Rxe1+ 26. Kxe1 b5 27. Qc3 Qe5+ 28. Kd1 Qe2+ 0-1

[Event "IECG CP.2008.P.00005 email"]
[Site "IECG email"]
[Date "2008.10.01"]
[Round "?"]
[White "Koenig, Michael"]
[Black "Fonseca Gonzalez, Jose Luis"]
[Result "1-0"]
[WhiteElo "1222"]
[BlackElo "1958"]
[PlyCount "97"]
[EventDate "2008.10.01"]
[EventType "tourn (corr)"]
[EventRounds "6"]
[EventCountry "ARG"]
[SourceTitle "Corr 2024"]
[Source "ChessBase"]
[SourceDate "2023.10.19"]
[SourceVersion "1"]
[SourceVersionDate "2023.10.19"]
[SourceQuality "1"]

1. e4 e5 2. Nf3 Nf6 3. Nc3 Bb4 4. Nd5 Nxd5 5. exd5 e4 6. Nd4 Qf6 7. Nb5 Na6 8. Bc4 c6 9. Nc3 Qd4 10. Qe2 0-0 11. a3 Bxc3 12. dxc3 Qe5 13. dxc6 dxc6 14. 0-0 b5 15. Ba2 Re8 16. Be3 Nc7 17. Rfe1 Be6 18. Bd4 Qf5 19. Bxe6 Rxe6 20. a4 h5 21. axb5 Nxb5 22. Qe3 Nxd4 23. cxd4 Qb5 24. b3 Qb6 25. Ra3 Rd8 26. c3 a5 27. Ra4 Rd5 28. b4 axb4 29. Rxb4 Rb5 30. Reb1 Rxb4 31. Rxb4 Qa7 32. h3 g6 33. Rb1 Kg7 34. Re1 Qa2 35. Rc1 Qb2 36. Rd1 Qb3 37. Rc1 Qa2 38. Rd1 Qb3 39. Rc1 Qb2 40. Rf1 Qb5 41. Rd1 Qb2 42. Rc1 Qa2 43. Re1 Re8 44. Qc1 Qd5 45. Qe3 Qa2 46. Qg3 Qa5 47. Qe3 f5 48. Rb1 Qc7 49. c4 1-0

[Event "IECC CL5-2008.09 email"]
[Site "IECC email"]
[Date "2008.07.06"]
[Round "?"]
[White "Perry, Matthew Richard"]
[Black "Fonseca Gonzalez, Jose Luis"]
[Result "1/2-1/2"]
[WhiteElo "1448"]
[BlackElo "1515"]
[PlyCount "43"]
[EventDate "2008.??.??"]
[EventType "tourn (corr)"]
[EventRounds "4"]
[SourceTitle "Corr 2013"]
[Source "ChessBase"]
[SourceDate "2012.11.12"]
[SourceVersion "1"]
[SourceVersionDate "2012.11.12"]
[SourceQuality "1"]
[WhiteTeam "US of America"]
[BlackTeam "Germany"]
[WhiteTeamCountry "USA"]
[BlackTeamCountry "GER"]

1. Nf3 g6 2. g3 Bg7 3. Bg2 f5 4. c4 Nf6 5. Nc3 0-0 6. d3 d6 7. Bg5 c5 8. Qd2 Nc6 9. Bh6 Qb6 10. Bxg7 Kxg7 11. 0-0 Bd7 12. a3 Na5 13. Qc2 Nb3 14. Rad1 e5 15. e3 Rae8 16. Rfe1 Bc6 17. e4 fxe4 18. dxe4 Nd4 19. Nxd4 cxd4 20. Nd5 Bxd5 21. exd5 Rc8 22. b3 1/2-1/2

[Event "LSS OP-2007-0-00422"]
[Site "LSS email"]
[Date "2007.12.08"]
[Round "?"]
[White "Gonzalez Morales, Eduardo Ivan"]
[Black "Fonseca Gonzalez, Jose Luis"]
[Result "0-1"]
[WhiteElo "1456"]
[BlackElo "1881"]
[PlyCount "108"]
[EventDate "2007.12.06"]
[EventType "tourn (corr)"]
[EventRounds "4"]
[EventCountry "GER"]
[SourceTitle "Corr 2015"]
[Source "ChessBase"]
[SourceDate "2015.07.17"]
[SourceVersion "1"]
[SourceVersionDate "2015.07.17"]
[SourceQuality "1"]

1. e4 Nf6 2. e5 Nd5 3. d4 d6 4. Nf3 Bg4 5. Be2 e6 6. 0-0 Be7 7. h3 Bh5 8. c4 Nb6 9. Nc3 0-0 10. Be3 N8d7 11. b3 dxe5 12. Nxe5 Bxe2 13. Qxe2 Nxe5 14. dxe5 c6 15. Rad1 Qc7 16. Bf4 Rad8 17. Ne4 Nc8 18. Qg4 Rxd1 19. Rxd1 Rd8 20. Kh2 Kf8 21. Nf6 Rxd1 22. Nxh7+ Ke8 23. Qxd1 Qa5 24. Qg4 g6 25. Qe2 Nb6 26. Bg5 Qc5 27. Bxe7 Kxe7 28. f4 Qd4 29. Kg3 Nd7 30. Qf2 Qd3+ 31. Kh2 a5 32. Qh4+ Ke8 33. Nf6+ Nxf6 34. Qh8+ Ng8 35. Qxg8+ Ke7 36. Qb8 Qe4 37. Qd6+ Ke8 38. Qd2 b5 39. cxb5 cxb5 40. h4 b4 41. Kg3 Kf8 42. Kg4 Kg8 43. Kh3 Kg7 44. Kh2 Kh6 45. Kg3 Kg7 46. Kf2 Qc6 47. Qe1 Qc5+ 48. Qe3 Qc7 49. g3 Qc6 50. Qd3 a4 51. bxa4 Qxa4 52. Qb3 Qa7+ 53. Kf3 Qb7+ 54. Kg4 Qg2 0-1

[Event "LSS BI-2007-P-00018"]
[Site "LSS email"]
[Date "2007.04.23"]
[Round "?"]
[White "Cabrera, Alexis"]
[Black "Fonseca Gonzalez, Jose Luis"]
[Result "1-0"]
[WhiteElo "2063"]
[BlackElo "800"]
[PlyCount "65"]
[EventDate "2007.04.23"]
[EventType "tourn (corr)"]
[EventRounds "10"]
[EventCountry "GER"]
[SourceTitle "Corr 2022"]
[Source "ChessBase"]
[SourceDate "2021.10.24"]
[SourceVersion "1"]
[SourceVersionDate "2021.10.24"]
[SourceQuality "1"]

1. e4 e5 2. Nf3 Nc6 3. Bb5 a6 4. Ba4 Nf6 5. 0-0 Nxe4 6. d4 b5 7. Bb3 d5 8. dxe5 Be6 9. Nbd2 Be7 10. c3 0-0 11. Bc2 f5 12. Nb3 Qd7 13. Nfd4 Nxd4 14. Nxd4 c5 15. Nxe6 Qxe6 16. f3 Ng5 17. a4 Rab8 18. Kh1 b4 19. a5 Rb5 20. Qe2 c4 21. Bxg5 Bxg5 22. f4 Bd8 23. g4 fxg4 24. f5 Qf7 25. Rae1 b3 26. Bb1 h5 27. f6 gxf6 28. Rf5 Be7 29. Ref1 d4 30. cxd4 Rd8 31. Rg5+ Kh8 32. Rxg4 hxg4 33. Qxg4 1-0

[Event "LSS BI-2007-P-00018"]
[Site "LSS email"]
[Date "2007.04.23"]
[Round "?"]
[White "Fonseca Gonzalez, Jose Luis"]
[Black "Bocanegra, Rufino"]
[Result "0-1"]
[WhiteElo "800"]
[BlackElo "2282"]
[PlyCount "64"]
[EventDate "2007.04.23"]
[EventType "tourn (corr)"]
[EventRounds "10"]
[EventCountry "GER"]
[SourceTitle "Corr 2022"]
[Source "ChessBase"]
[SourceDate "2021.10.24"]
[SourceVersion "1"]
[SourceVersionDate "2021.10.24"]
[SourceQuality "1"]

1. Nf3 f5 2. d4 Nf6 3. g3 g6 4. Bg2 Bg7 5. 0-0 0-0 6. c4 d6 7. Nc3 Nc6 8. d5 Na5 9. Qd3 c5 10. h3 a6 11. Ng5 Rb8 12. Rb1 h6 13. Ne6 Bxe6 14. dxe6 Qc8 15. Nd5 Nc6 16. Qe3 b5 17. Bd2 bxc4 18. Rfc1 g5 19. Bc3 f4 20. gxf4 Nxd5 21. Bxd5 Rxf4 22. Bxg7 Kxg7 23. Bxc4 Nd4 24. Qc3 Rf6 25. Qe3 a5 26. Bd5 Qe8 27. Bc4 Qh5 28. Kg2 Rbf8 29. Rc3 Rxf2+ 30. Qxf2 Rxf2+ 31. Kxf2 Qh4+ 32. Kf1 g4 0-1